000 00957cam a22003017a 4500
003 CHAP
005 20220329141114.0
008 971014d1995 mx r 00110 spa d
010 _a62644
011 _a63616
035 _a67792
040 _cCHAP
082 _a338.009
_bS4
100 0 0 _aSerrano Treviño, Jorge.
_9105252
245 1 3 _aLa esclavitud en derecho romano :
_buna investigación jurídica
260 _aVillahermosa, Tab. :
_bUniversidad Juárez Autónoma de Tabasco,
_c1995.
300 _a162 p.
590 _aBATCH-UPD
_b10
_c20130110
_lUCH01
_h0242
590 _aBATCH-UPD
_b10
_c20130409
_lUCH01
_h2311
590 _aBATCH-UPD
_b10
_c20130914
_lUCH01
_h1143
590 _aCONVERSION
_b10
_c20130109
_lUCH01
_h1334
650 1 4 _aDerecho romano.
_931908
650 1 4 _aEsclavitud.
_937482
901 _aBK
905 _aMayto Villalobos S.
942 _cLIBRO
949 _a338.009 S4
_bBC
_cLIBRO
_d33724000625950
_eLIBRO
_gI.c/e
_h92359
_i67792
_si
999 _c62644
_d62644